Statistics for South Africa Trivia

Click here to take the quiz!

General Stats

  • This quiz has been taken 43 times
  • The average score is 6 of 8

Answer Stats

HintAnswer% Correct
CapitalCape Town
98%
Largest CityJohannesburg
98%
CapitalPretoria
95%
CapitalBloemfontein
88%
National SportFootball
80%
National AnimalSpringbok
63%
National BirdBlue Crane
39%
National DishBabotie
2%

Score Distribution

Percentile by Number Answered

Percent of People with Each Score

Your Score History

You have not taken this quiz